000 00545nam a2200217Ia 4500
003 OSt
005 20220928152015.0
006 a|||||r|||| 00| 0
007 ta
008 220927b |||||||| |||| 00| 0 eng d
024 _a138717
037 _cTextual
040 _aSDCL
_cSDCL
_beng
041 _2eng
_aeng
082 _aP(2)44'D9, L8
100 _aSahaye Shiv Swaroop
_9518798
245 0 _aIndian paleaeography.
260 _c1978
942 _hP(2)44'D9, L8
_cTEXL
_2CC
999 _c853819
_d853819